000 00923nam a22002417a 4500
005 20140219125527.0
010 _aENG-108506
020 _c400.00
035 _aEN-92039
037 _bDBAD/PUB
082 _a726.145
100 _aMitra, Debala
245 _aTelkupi :
_cby Debala Mitra
_ba submerged temple site in West Bengal /
260 _aNew Delhi
_bArchaeological Survey of India
_c1969
270 _aArchaeological Survey of India
_bNew Delhi
300 _aviii, 77, xliii, [43] p. of plates :
_b1 folded map
_c29cm(Hb)
490 _aMemoirs of the Archaeological Survey of India ; no. 76
500 _aArticles with reference to Telkupi, village located in Purulia District of West Bengal, India
500 _aIncludes bibliographical references and index
650 _aHindu temples
_zIndia
_zTelkupi
710 _aArchaeological Survey of India
942 _2ddc
_cEN
_mMIT
_h726.145
999 _c79455
_d79455